000 00325nam a2200121Ia 4500
008 240731s9999 xx 000 0 und d
022 _a1179-1578
245 0 _aPsychology Research and Behavior Management
260 _bDove Medical Press
856 _uhttps://www.tandfonline.com/loi/dprb20
942 _2ddc
942 _cTFEJ
999 _c79076
_d79076
945 _a1
_bMadushi Gamage
_c1
_dMadushi Gamage